000 00636nam a22002297a 4500
001 87341
003 UA-OsUOA
005 20211108221333.0
007 ta
008 20120918b un ||||| |||| 00| 0 ukr d
040 _aUA-OsUOA
_brus
_cUA-OsUOA
_dUA-OsUOA
041 _arus
080 _a94(47+571)
090 _a94(47+571)
_bР12
100 _aРабинович А.
245 _aБольшевики приходят к власти: Революция 1917 года в Петрограде
260 _aМ.
_bПрогресс
_c1989
300 _a416 с.
650 7 _a94 Історія
_2UDC
942 _cBK
_2udc
955 _a5
999 _c373583
_d373583